| 000 | 01163nam a2200325 i 4500 | ||
|---|---|---|---|
| 001 | 000016154 | ||
| 003 | DO-SdBNP | ||
| 005 | 20260220091827.0 | ||
| 007 | ta | ||
| 008 | 100226s1982 dr ab 001 0 spa d | ||
| 040 |
_aDO-SdBNP _bspa _cBNPHU _erda |
||
| 041 | _aspa | ||
| 049 | _aBNPD | ||
| 082 | 4 |
_a880.38 _bB828a _222 |
|
| 100 | 1 |
_aNuñez Polanco, Diómedes _d1952- _983559 _4aut. _eautor |
|
| 245 | 1 | 0 |
_aAntología del pensamiento helénico / _cLuis Brea Franco ; presentación José Enríquez Almanzar. |
| 260 |
_aSanto Domingo : _bUniversidad Nacional Pedro Henríquez Ureña, _c1982. |
||
| 300 |
_a551 páginas : _bilustraciones ; _c22 cm. |
||
| 336 |
_atexto _btxt _2rdacontent |
||
| 337 |
_asin mediación _bn _2rdamedia |
||
| 338 |
_avolumen _bnc _2rdacarrier |
||
| 590 | _aInventariado, 2026 /LP | ||
| 650 | 4 |
_aHelenismo _xEnsayos, conferencias, etc. _936162 |
|
| 650 | 4 |
_aCivilización griega _936163 |
|
| 650 | 4 |
_aFilosogía griega _936164 |
|
| 650 | 4 |
_aLiteratura griega _xHistoria y crítica _928930 |
|
| 700 | 1 |
_aHenríquez Almánzar, José, _epresentador _936165 _4present. |
|
| 910 | _aValidado. Control de calidad EMS | ||
| 942 |
_2ddc _cLBS1 |
||
| 999 |
_c15694 _d15694 |
||